The problems of Privatization: an international analysis (Record no. 65733)

MARC details
000 -LEADER
fixed length control field 00571nam a2200193Ia 4500
008 - FIXED-LENGTH DATA ELEMENTS--GENERAL INFORMATION
fixed length control field 191130s2004##################000#0#eng##
020 ## - INTERNATIONAL STANDARD BOOK NUMBER
ISBN 9780199249343
082 ## - DEWEY DECIMAL CLASSIFICATION NUMBER
Classification number 338.925 BOR
100 ## - MAIN ENTRY--AUTHOR NAME
Personal name Bortolotti, Bernardo
245 ## - TITLE STATEMENT
Title The problems of Privatization: an international analysis
Statement of responsibility, etc Bernardo Bortolotti, Domenico Siniscalco
250 ## - EDITION STATEMENT
Edition statement 1st edition
260 ## - PUBLICATION, DISTRIBUTION, ETC. (IMPRINT)
Place of publication Oxford
Name of publisher Oxford University Press
Year of publication 2004
300 ## - PHYSICAL DESCRIPTION
Number of Pages x., 170p
650 ## - SUBJECT ADDED ENTRY--TOPICAL TERM
Topical Term Economics
991 ## -
-- 419659
Holdings
Withdrawn status Lost status Damaged status Not for loan Home library Current library Shelving location Date acquired Full call number Accession Number Price effective from Koha item type
        Anna Centenary Library Anna Centenary Library 4TH FLOOR, A WING 09.10.2020 338.925 BOR 187793 09.10.2020 English Books

Find us on the map